| 000 | 02285nam a22003734a 4500 | ||
|---|---|---|---|
| 001 | ebr10038971 | ||
| 003 | CaPaEBR | ||
| 006 | m u | ||
| 007 | cr cn||||||||| | ||
| 008 | 030501s2003 dcua sb 001 0 eng | ||
| 010 | _z 2003052514 | ||
| 020 | _z0821354027 | ||
| 040 |
_aCaPaEBR _cCaPaEBR |
||
| 035 | _a(OCoLC)70773469 | ||
| 050 | 1 | 4 |
_aHV5732 _b.T63 2003eb |
| 082 | 0 | 4 |
_a362.29/66 _221 |
| 245 | 0 | 0 |
_aTobacco control policy _h[electronic resource] : _bstrategies, successes, and setbacks / _cedited by Joy de Beyer and Linda Waverley Brigden. |
| 260 |
_aWashington, D.C. : _bWorld Bank : _bResearch for International Tobacco Control, _cc2003. |
||
| 300 |
_axviii, 189 p. : _bill. |
||
| 504 | _aIncludes bibliographical references and index. | ||
| 505 | 0 |
_tOverview / _rJoy de Beyer and Linda Waverley Brigden -- _tBuilding momentum for tobacco control : the case of Bangladesh / _rDebra Efroymson and Saifuddin Ahmed -- _tGovernment leadership in tobacco control : Brazil's experience / _rLuisa M. da Costa e Silva Goldfarb -- _tLegislation and applied economics in the pursuit of public health : Canada / _rDavid Sweanor and Ken Kyle -- _tDemocracy and health : tobacco control in Poland / _rWitold Zato�nski -- _tPolitical change in South Africa : new tobacco control and public health policies / _rMia Malan and Rosemary Leaver -- _tTailoring tobacco control efforts to the country : the example of Thailand / _rPrakit Vateesatokit. |
|
| 533 |
_aElectronic reproduction. _bPalo Alto, Calif. : _cebrary, _d2013. _nAvailable via World Wide Web. _nAccess may be limited to ebrary affiliated libraries. |
||
| 650 | 0 |
_aTobacco use _xGovernment policy _vCase studies. |
|
| 650 | 0 |
_aTobacco use _xPrevention _xGovernment policy _vCase studies. |
|
| 650 | 0 |
_aTobacco use _xPrevention _xEvaluation _vCase studies. |
|
| 650 | 0 |
_aSmoking _xGovernment policy _vCase studies. |
|
| 650 | 0 |
_aSmoking _xPrevention _xGovernment policy _vCase studies. |
|
| 650 | 0 |
_aSmoking _xPrevention _xEvaluation _vCase studies. |
|
| 655 | 7 |
_aElectronic books. _2local |
|
| 700 | 1 | _aDe Beyer, Joy. | |
| 700 | 1 |
_aBrigden, Linda Waverley, _d1946- |
|
| 710 | 2 | _aebrary, Inc. | |
| 856 | 4 | 0 |
_uhttp://site.ebrary.com/lib/rucke/Doc?id=10038971 _zAn electronic book accessible through the World Wide Web; click to view |
| 999 |
_c58106 _d58106 |
||